00478cam a22001812 4500001001100000005001700011008004100028020001700069040001500086050002100101100003000122245004300152250001200195260003400207300001600241650003600257852000300293000002442920151217154510.0130917s xx 000 0 eng d a0521697965 : aKABUcKABU 0aKD661b.H37 20071 aHarris, Phil.@000015332413aAn Introduction to law /cPhil Harris. a7th ed. aCambridge :bC. U. P.,c2007. axxx, 496 p. 0aLawzGreat Britain.@00001533251